Healthcare management : (Record no. 52748)

MARC details
000 -LEADER
fixed length control field 00997nam a22002537a 4500
005 - DATE AND TIME OF LATEST TRANSACTION
control field 20110606151959.0
008 - FIXED-LENGTH DATA ELEMENTS--GENERAL INFORMATION
fixed length control field 110606t xxu||||| |||| 00| 0 eng d
010 ## - LCCN (DPL NO)
LC control number ENG-102549
020 ## - INTERNATIONAL STANDARD BOOK NUMBER
International Standard Book Number 9789350248928
Terms of availability 198.00
035 ## - SYSTEM CONTROL NUMBER
System control number EN-86082
037 ## - SOURCE OF ACQUISITION
Source of stock number/acquisition DBAD/PUB
040 ## - CATALOGING SOURCE
Original cataloging agency DPL
Language of cataloging Eng
082 ## - DEWEY DECIMAL CLASSIFICATION NUMBER
Classification number 362.1068
100 ## - MAIN ENTRY--PERSONAL NAME
9 (RLIN) 28359
Personal name Sarangi, S. K.
245 ## - TITLE STATEMENT
Title Healthcare management :
Statement of responsibility, etc by S. K. Sarangi
Remainder of title text and cases /
260 ## - PUBLICATION, DISTRIBUTION, ETC. (IMPRINT)
Place of publication, distribution, etc Mumbai
Name of publisher, distributor, etc Himalaya Publishing House
Date of publication, distribution, etc 2011
270 ## - ADDRESS
Address "Ramdoot", Dr. Bhalerao Marg, Girgaon
City Mumbai
Postal code 400004
Telephone number 022-23860170/23863863
300 ## - PHYSICAL DESCRIPTION
Extent xii,283p.
Dimensions 24 cm (pbk)
650 ## - SUBJECT ADDED ENTRY--TOPICAL TERM
9 (RLIN) 28360
700 ## - ADDED ENTRY--PERSONAL NAME
9 (RLIN) 28362
942 ## - ADDED ENTRY ELEMENTS (KOHA)
Source of classification or shelving scheme Dewey Decimal Classification
Item type English Books
Call number suffix SAR
Classification part 362.1068
Holdings
Withdrawn status Lost status Source of classification or shelving scheme Damaged status Not for loan Collection code Home library Current library Date acquired Source of acquisition Cost, normal purchase price Total Checkouts Full call number Barcode Date last seen Copy number Cost, replacement price Koha item type
    Dewey Decimal Classification   Not For Loan Non-fiction D.B.Act.Division D.B.Act.Division 06/06/2011 DBAD/PUB 198.00   362.1068 SAR EN-86082 06/06/2011 1 198.00 English Books

© Delhi Public Library
Hit Counter
free hit counter